The Elder Scrolls V: Skyrim - Character Superquiz - Statistics

General Stats
  • This quiz has been taken 1,205 times
  • The average score is 62 of 214
Answer Stats
Answer % Correct
The Dragonborn
98%
Alduin
95%
Ufric Stormcloak
89%
Delphine
83%
General Tullius
81%
Paarthurnax
78%
Lydia
77%
Esbern
76%
Molag Bal
76%
Cicero
75%
Mercer Frey
73%
Astrid
72%
Aela the Huntress
71%
Ralof
70%
Balgruuf the Greater
69%
Miraak
68%
Serana
68%
The Night Mother
68%
Farkas
67%
Brynjolf
65%
Vilkas
65%
Arngeir
64%
Hadvar
64%
Hircine
64%
Sheogorath
63%
Kodlak Whitemane
62%
Odahviing
62%
Emperor Titus Mede II
61%
Eorlund Gray-Mane
60%
Legate Rikke
60%
Vex
60%
Hermaeus Mora
58%
Shadowmere
58%
Azura
57%
Elenwen
57%
J'Zargo
57%
Meridia
57%
Mehrunes Dagon
56%
Ysgramor
56%
Lord Harkon
54%
Savos Aren
54%
Elisif the Fair
53%
Sanguine
53%
Namira
52%
Nocturnal
52%
Clavicus Vile
51%
Karliah
51%
Babette
50%
Borri
50%
Delvin Mallory
50%
Aventus Arentino
48%
Boethiah
48%
Galmar Stone-Fist
46%
Tolfdir
46%
Maven Black-Briar
45%
Nazir
45%
Sven
45%
Tsun
45%
Faendal
44%
Peryite
44%
Barbas
43%
Nazeem
43%
Isran
42%
Vaermina
42%
Wulfgar
42%
M'aiq the Liar
41%
Malacath
41%
Vignar Gray-Mane
38%
Mirmulnir
37%
Mjoll the Lioness
35%
Frea
34%
Farengar Secret-Fire
33%
Urag gro-Shub
31%
Camilla Valerius
30%
Einarth
30%
Grelod the Kind
30%
Proventus Avenicci
30%
Uthgerd the Unbroken
30%
Alvor
29%
Irileth
29%
Valerica
29%
Arnbjorn
28%
Calixto Corrium
28%
Erik the Slayer
27%
Krosis
27%
Lokir
26%
Laila Law-Giver
25%
Onmund
25%
Saadia
25%
Septimus Signus
25%
Veezara
25%
Falk Firebeard
24%
Haelga
24%
Hakon One-Eye
24%
Heimskr
24%
Jenassa
24%
Sibbi Black-Briar
24%
Siddgeir
23%
Thonar Silver-Blood
23%
Thongvor Silver-Blood
23%
Calcelmo
22%
Gerdur
22%
Lucan Valerius
22%
Marcurio
22%
Brelyna Maryon
21%
Gorm
21%
Ingun Black-Briar
21%
Roggvir
21%
Alva
20%
Brand-Shei
20%
Kharjo
20%
Morokei
20%
Amren
19%
Eola
19%
Gormlaith Golden-Hilt
19%
Grelka
19%
Mirabella Ervine
19%
Idgrod Ravencrone
18%
Idgrod the Younger
18%
Madanach
18%
Hod
17%
Madesi
17%
Severio Pelagia
17%
Skald the Elder
17%
Danica Pure-Spring
16%
Helgi
16%
Nepos the Nose
16%
Revyn Sadri
16%
Sinding
16%
Derkeethus
15%
Igmund
15%
Malborn
15%
Volsung
15%
Brunwulf Free-Winter
14%
Dengeir of Stuhn
14%
Erandur
14%
Erikur
14%
Felldir the Old
14%
Jordis the Sword-Maiden
14%
Maramal
14%
Maul
14%
Otar
14%
Sybille Stentor
14%
Anise
13%
Captain Lonely-Gale
13%
Iona
13%
Muiri
13%
Rolff Stone-Fist
13%
Vokun
13%
Falion
12%
Hevnoraak
12%
Jaree-Ra
12%
Korir
12%
Storn Crag-Strider
12%
Wuunferth the Unliving
12%
Ahtar
11%
Angi
11%
Captain Aldis
11%
Eltrys
11%
Olaf One-Eye
11%
Rahgot
11%
Benor
10%
Hert
10%
Hrongar
10%
Sigrid
10%
Wylandriah
10%
Annekke Crag-Jumper
9%
Argis the Bulwark
9%
Calder
9%
Gregor
9%
Illia
9%
Lurbuk
9%
Niranye
9%
Shadr
9%
Susannah the Wicked
9%
Deeja
8%
Dorthe
8%
Froki Whetted-Blade
8%
Nelacar
8%
Nurelion
8%
Red Eagle
8%
Belrand
7%
Cheif-Yamarz
7%
Hofgir Horse-Crusher
7%
Orthjolf
7%
Sorli the Builder
7%
Viarmo
7%
Aicantar
6%
Aranea Ienith
6%
Borgakh the Steel Heart
6%
Brina Merilis
6%
Frodnar
6%
Ghorbash the Iron Hand
6%
Kraldar
6%
Morvath Piquine
6%
Runil
6%
Shahvee
6%
Silas Vesuius
6%
Borkul the Beast
5%
Brelas
5%
Giraud Gemane
5%
Golldir
5%
Hermir Strong-Heart
5%
Hroggar
5%
Keeper Carcette
5%
Oengul War-Anvil
5%
Aslfur
4%
Romlyn Dreth
4%
Horik Half-Hand
3%
Madena
3%
Malur Seloth
3%
Svaknir
3%
Ghunzul
2%
Nahrin
2%
No matching quizzes found
Score Distribution
Percent of People with Each Score
Percentile by Number Answered
Your Score History
You have not taken this quiz